Statistics for Countries of Europe in 900 AD with a Map

Click here to take the quiz!

General Stats

  • This quiz has been taken 3,492 times
    (3,491 since last reset)
  • The average score is 34 of 170

Answers on the Map

Answers color-coded by a green-red scale on the quiz's map according to % correct below.
 

Answer Stats

Countries% Correct
Byzantine Empire
93%
Norway
88%
Alba
86%
Kievan Rus'
85%
West Francia
(direct control)
85%
East Francia
84%
Jelling
79%
Hungary
78%
Volga Bulgaria
78%
Civitas Schinesghe
73%
Brittany
71%
Papal States
71%
Serbia
70%
Bulgaria
69%
Croatia
65%
Naples
64%
Venice
63%
Italy
60%
Wessex
58%
Crete
55%
San Marino
55%
Dublin
54%
Bohemia
53%
Castile
53%
Burgundy
(Frankish Duchy)
51%
Cornwall
51%
Córdoba
49%
Navarra
48%
The Isles
47%
Cork
46%
Aragon
45%
Flanders
45%
Léon
45%
Ulaid
44%
Munster
42%
Bamburgh
41%
Barcelona
40%
Provence
38%
Aquitaine
37%
East Anglia
37%
Great Moravia
35%
York
35%
Asturias
34%
Orkney
33%
Connacht
31%
Gotland
31%
Leinster
29%
Limerick
27%
Khazaria
26%
Toulouse
26%
Gascony
22%
Scania
21%
Waterford
21%
Gwynedd
20%
Meath
19%
Strathclyde
19%
Wexford
18%
Powys
17%
Dal
16%
Balearic Islands
15%
Salerno
14%
Lincoln
13%
Aghlabids
12%
Nottingham
12%
Cambridge
11%
Gwent
11%
Leicester
11%
Pechenegs
11%
Revala
11%
Sorbia
11%
Amalfi
10%
Arborea
10%
Narbonne
10%
Shirvan
10%
Ailech
9%
Derby
9%
Dyfed
9%
Urgell
9%
Alania
8%
Capua
8%
Ostrogothia
8%
Roussillon
8%
Westrogothia
8%
Carcassonne
7%
Jemtia
7%
Öland
7%
Doclea
6%
Lade
6%
Nitra
6%
Osraige
6%
Ribe
6%
Roskilde
6%
Zachlumia
6%
Bedford
5%
Derbent
5%
Gallura
5%
Logudoro
5%
Nîmes
5%
Obotriti
5%
Poznań
5%
Upper Burgundy
5%
Veleti
5%
Béziers
4%
Brycheiniog
4%
Empúries
4%
Gaeta
4%
Glywysing
4%
Hedeby
4%
Herdalia
4%
Huntingdon
4%
Pagania
4%
Pallars
4%
Polabia
4%
Ribagorza
4%
Seisyllwg
4%
Sudermannia
4%
Travunia
4%
Banu Qasi
3%
Besalú
3%
Birka
3%
Buellt
3%
Cerdanya
3%
Conflent
3%
Hampton
3%
Harju
3%
Kalisz
3%
Lotigola
3%
Maelienydd
3%
Möre
3%
Närke
3%
Rani
3%
Sarskoye
3%
Semigallia
3%
Skoen
3%
Sobrarbe
3%
Stamford
3%
Västmanland
3%
Viru
3%
Yotvingia
3%
Bajjāna
2%
Bandava
2%
Banyuls
2%
Bonikowo
2%
Duvzare
2%
Finnveden
2%
Fjärdhundra
2%
Gjesvær
2%
Järnbäraland
2%
Järva
2%
Jersika
2%
Jogentagana
2%
Kruszwica
2%
Lekia
2%
Lodève
2%
Maguelone
2%
Megava
2%
Międzyrzecz
2%
Mõhu
2%
Nordanstig
2%
Pilsāts
2%
Sądowel
2%
Sundhed
2%
Tiunda
2%
Ugandi
2%
Vaiga
2%
Vallespir
2%
Värend
2%
Ventava
2%
Wagria
2%
Warnabi
2%

Score Distribution

Percentile by Number Answered

Percent of People with Each Score

Your Score History

You have not taken this quiz since the last reset